000 00911cab a22002415a 4500
001 L159962
008 150113e2016 xxk 000 0 eng d
035 _a(Sirsi) u159962
041 0 _aeng
050 _a346.4204343 $2 18
100 1 _aKing, Vivien
245 0 0 _aAltered states
_h[electronic resource]
260 _aLondon
_bRICS
_c2016
490 _aRICS Building Surveying Journal
_vDecember 2016 - January 2017, 18(1)
520 _aConsiders the implications for re-instatement clauses of lease renewal in demised premises that have been altered by tenants.
650 2 4 _aREINSTATEMENT CLAUSES
650 2 4 _aDilapidations
_96235
650 2 4 _aLEASE RENEWAL
651 4 _aENGLAND AND WALES
690 _aLandlord and tenant
_96252
856 4 0 _uhttps://www.rics.org/Global/Building_Surveying_Journal_December_2016_January_2017.pdf
_zView the article free of charge at www.rics.org...
942 _n0
999 _c85085
_d85085